The old testament pseudepigrapha

Αποθηκεύτηκε σε:
Λεπτομέρειες βιβλιογραφικής εγγραφής
Άλλοι συγγραφείς: Charlesworth, James H. (Επιμελητής έκδοσης)
Μορφή: Βιβλίο
Γλώσσα:English
Δημοσίευση: New York : Doubleday, 1983
Θέματα:
Ετικέτες: Προσθήκη ετικέτας
Δεν υπάρχουν, Καταχωρήστε ετικέτα πρώτοι!

MARC

LEADER 00000nam a2200000 i 4500
001 1/95485
008 970917s1983 eng d
020 |a 0-385-09630-5 
020 |a 0-385-18813-7 
035 |1 ΠΑΡ  |a 1997  |l 10009759 
040 |a GR-MY-UA  |b gre  |e aacr 
041 0 |a eng 
082 0 |a 229 
245 1 4 |a The old testament pseudepigrapha /  |c Edited by James H. Charlesworth 
260 |a New York :   |b Doubleday,   |c 1983 
300 |a 2 v. 
504 |a Includes bibliographical references and index 
505 0 |a v.1: Apocalyptic literature and testamentsv.2: Expansions of the "Old testament" and legends, wisdo, and philosophical literature, prayers, psalms and odes, fragments of lost judeo-hellenistic works 
650 0 0 |a Apocryphal books (Old Testament)  |x Criticism, interpretation, etc. 
700 1 |a Charlesworth, James H.  |4 edt 
852 |a INST  |b LESVOS  |e 19970917  |h 229 OLD  |p 005100010780  |q 005100010780  |t BK  |y 0  |z v.1 
852 |a INST  |b LESVOS  |e 19970917  |h 229 OLD  |p 005100010781  |q 005100010781  |t BK  |y 0  |z v.2 
852 |a INST  |b LESVOS  |e 19970917  |h 229 OLD  |p 005100010780  |q 005100010780  |t BK  |v v.1:  |y 0  |z v.1 
852 |a INST  |b LESVOS  |e 19970917  |h 229 OLD  |p 005100010781  |q 005100010781  |t BK  |v v.2:  |y 0  |z v.2 
853 |a INST  |b LESVOS  |h 229 OLD 
909 |a Λ  |b 039633 
909 |a Λ  |b 039634 
950 |a 020-1994-08-31